000 00357pab a2200157 454500
008 180718b2007 xxu||||| |||| 00| 0 eng d
100 _aSukrita Paul Kumar
245 _aOur culture of diversity
260 _c2007
300 _ap.74-83.
362 _aSummer
650 _aCultural pluralism
773 _aIIC Quarterly
908 _aN
909 _a75838
999 _c75838
_d75838